1943 1755 1161 1810 1767 1768 1247 1819 1644 1184 1239 1799 1059 1440 1093 1842 1971 1241 1239 1014 1183 1268 1629 1736 1990 1805 1273 1422 1266 1971 1219 1396 1408 1323 1689 1653 1120 1302 1008 1022 1959 1227 1430 1564 1512 1057 1346 1922 1091 1402 1583 1652 1977 1453 1992 1984 1301 1181 1860 1429 1279 1103 1940 1380 1270 1812 1838 1558 1417 1800 1485 1359 1994 1518 1285 1225 1433 1188 1355 1405 1350 1480 1680 1001 1047 1507 1583 1318 1406 1430 1784 1254 1985 1590 1010 1966 1211 1548 1482 BCNSPRNW ULIB Ver.6.0+V

เปลี่ยนเป็นภาษาไทย

Change to English
 แสดงรายละเอียดบรรณานุกรม
  กลับหน้าหลัก

Brief Record : Get Marc (ISO 2709) : E-mail record : QR code < ปิดหน้าต่าง
LEADER : 00000nam 2200000uu 4500
001    13399127414
003     ULIB
008    200520s2562||||th 000 0 tha d
020    ู^a9786160037933
050  0 ^aนว^bน294ร
100    ^aนวตา
245    ^aรักฉบับร้าย Devil s Darling
250    ^aพิมพ์ครั้งที่ 1
260    ^aกรุงเทพฯ :^bพิมพ์คำ,^c2562
300    ^a567 หน้า;^b21 ซม.
650    ^aนวนิยาย
945    ^p390^l0^i007088
999    ^aประนอม เกษจรัล
รายการนี้ยังไม่มีแท็ก
คุณยังไม่ได้ล็อกอิน คุณสามารถมีกิจกรรมร่วมกับเว็บไซต์ได้ แต่ต้องล็อกอินก่อน ::
  ล็อกอิน

รายการสื่อสารสนเทศ

ลำดับที่ ประเภท เลขเรียก/บาร์โค้ด สถานที่ สถานะ
1. นวนิยาย
นวนิยาย
นว น294ร ฉ.1 
  Barcode: 007088
ห้องสมุดวิทยาเขตสวรรค์ประชารักษ์
►หนังสือทั่วไป
ถูกยืม กำหนดส่งวันที่ 3 กันยายน 2563
  จอง

รายการใกล้เคียง
    ชื่อเรื่อง [รักฉบับร้าย Devil s Darling]

    ผู้แต่ง [นวตา]

    หัวเรื่อง [นวนิยาย]

BibComment


ยังไม่เคยถูกคอมเมนท์

คอมเมนท์ทรัพยากรรายการนี้
  คอมเมนท์: รักฉบับร้าย Devi..


 Copyright 2026. Bcnsprnw @Library